banner-ar

INTERNATIONAL TOURISM AN ECONOMIC PERSPECTIVE / (Record no. 25225)

MARC details
000 -الفاتح
حقل البيانات ثابتة الطول 00499nam a2200193Ia 4500
008 - عناصر البيانات ثابتة الطول - معلومات عامة
حقل البيانات ثابتة الطول 140319s9999 xx 000 0 eng d
040 ## - مصدر الفهرسة
وكالة الفهرسة الأصلية GCL /
وكالة النسخ GCL
082 04 - رقم تصنيف ديوى العشرى
رقم التصنيف 338.4791
رقم المادة V I
100 1# - المدخل الرئيسى - إسم شخصى
الإسم الشخصى VELLAS, FRANCOIS
245 10 - بيان العنوان
العنوان INTERNATIONAL TOURISM AN ECONOMIC PERSPECTIVE /
بيان المسئوليه,etc VELLAS, FRANCOIS
700 1# - المدخل الاضافى - اسم شخصى
الإسم الشخصى BECHEREL, LIONEL
260 ## - PUBLICATION, DISTRIBUTION, ETC. (IMPRINT)
تاريخ النشر أو التوزيع 1995
300 ## - الوصف المادى
التعداد 359 P
650 04 - المدخل الاضافى بالموضوع-مصطلح موضوعى
مصطلح موضوعي ECONOMICS
650 04 - المدخل الاضافى بالموضوع-مصطلح موضوعى
مصطلح موضوعي MARKETING
650 04 - المدخل الاضافى بالموضوع-مصطلح موضوعى
مصطلح موضوعي TOURISM
942 ## - عناصر المدخل الإضافي( كوها)
مصدر التصنيف او مخطط الترفيف Dewey Decimal Classification
Koha [default] item type كتاب
260 ## - PUBLICATION, DISTRIBUTION, ETC. (IMPRINT)
-- [S.N] :
-- MACMILLAN ،
Holdings
حالة التراجع حالة الفقد حالة تلف ليس للاعارة المكان المؤقت الموقع الحالى تاريخ الاكتساب اجمالي اﻻعارات رقم الطلب الباركود تاريخ اخر مشاهدة تاريخ تفعيل السعر نوع وعاء كوها
        مكتبة القاهرة الكبرى مكتبة القاهرة الكبرى 03/26/2014   338.4791\V I 44506 03/26/2014 03/26/2014 كتاب

Powered By

EGPV